| 000 | 01639nam0a2200397 4500 | ||
|---|---|---|---|
| 001 | RU\NLR\BIBL_A\022042669 | ||
| 005 | 20231114112141.0 | ||
| 010 | _a978-5-0060-4636-8 | ||
| 021 |
_aRU _bКН-П-23-056220 _9КН-П-23-5654 |
||
| 035 | _a(NLR Aleph) 022042669 | ||
| 035 | _a(RuMoRGB)012084752 | ||
| 090 |
_a12574201 _c12574201 |
||
| 100 | _a20231005d2023 u y0rusy50 ca | ||
| 101 | 0 | _arus | |
| 102 | _aRU | ||
| 105 | _aa z 000gy | ||
| 181 | 0 |
_ai3 _baxxe |
|
| 182 | 0 | _an | |
| 200 | 1 |
_aХорошо быть вместе _eдетские стихи и сказки _fАлександр Андреевич Хохлов _g[иллюстратор: Анна Цыбатова] |
|
| 203 |
_aТекст _bвизуальный _cнепосредственный |
||
| 210 |
_a[Б. м.] _cИздательские решения _d2023 |
||
| 215 |
_a70, [3] с. _cцв. ил. _d21 |
||
| 300 | _aКнига создана в интеллектуальной издательской системе Ridero.ru | ||
| 300 | _aНа с. 3 авт.: Хохлов А. А., канд. психол. наук, доц. | ||
| 320 | _aДр. кн. авт.: с. 3-4 | ||
| 333 | _a0+ | ||
| 686 | 0 | _aШ9(2)60=Р7я44 | |
| 700 | 1 |
_aХохлов _bА. А. _cканд. психол. наук, писатель _f1945-2022 _gАлександр Андреевич _3RU\NLR\AUTH\7717119 |
|
| 702 | 1 |
_aЦыбатова _bА. Е. _gАнна Евгеньевна _4040 |
|
| 942 | _cBOOK | ||
| 980 | _aNB | ||